[Event "Tournament"]
[Site "masterchessopen.com - Sverdlovsk (Russia)"]
[Round "0"]
[White "Vyzmanavin Alexey (RUS)"]
[Black "Chekhov Valery A (RUS)"]
[Result "1-0"]
[WhiteElo "2540"]
[BlackElo "2505"]

1.d4 Nf6 2.c4 g6 3.Nf3 Bg7 4.g3 O-O 5.Bg2 d6 6.O-O c5 7.d5 e6 8.Nc3 exd5
9.cxd5 a6 10.a4 Re8 11.Nd2 Nbd7 12.h3 Rb8 13.a5 b5 14.axb6 Nxb6 15.Qc2 c4
16.Rd1 Qc7 17.g4 Bb7 18.Nf1 Nfd7 19.Ng3 Nc5 20.Be3 Rxe3 21.fxe3 Be5 22.Nge4
Nxe4 23.Qxe4 Re8 24.Qf3 Nd7 25.Rd4 Bxd4 26.exd4 Qb6 27.Rd1 Kg7 28.Kh1 Qd8
29.Qg3 Qe7 30.Rf1 h6 31.Kh2 Nf6 32.e4 Nd7 33.e5 Bc8 34.e6 Nf6 35.Ne4 {#r} 1-0

[Event "It (open)"]
[Site "masterchessopen.com - Bern (Switzerland)"]
[Round "7"]
[White "Jukic Mirko (CRO)"]
[Black "Kovacevic Slobodan (SRB)"]
[Result "1-0"]
[WhiteElo "2470"]
[BlackElo "2340"]

1.d4 Nf6 2.Nf3 e6 3.c4 c5 4.d5 exd5 5.cxd5 d6 6.Nc3 g6 7.g3 a6 8.a4 Bg7 9.Bg2
O-O 10.O-O Re8 11.Nd2 Nbd7 12.Nc4 Ne5 13.Nxe5 Rxe5 14.Bf4 Re8 15.Qc2 Rb8
16.Rab1 Qc7 17.Rfc1 c4 18.b3 Bf5 19.e4 Bd7 20.bxc4 Ng4 21.c5 Qxc5 22.Qd2 Qa3
23.Ra1 Qb4 24.Rab1 Qa3 25.Ra1 Qb4 26.Rab1 Bxc3 27.Qxc3 Qxc3 28.Rxc3 Ne5 29.Rc7
Bxa4 30.Rbxb7 Rxb7 31.Rxb7 Bc2 32.Rb6 Nc4 33.Rxa6 f5 34.Bxd6 Bxe4 35.Bf4 Rd8
36.Bxe4 fxe4 37.d6 h6 38.Rc6 g5 39.Bxg5 hxg5 40.Rxc4 Rxd6 41.Rxe4 {#r} 1-0

[Event "It (open)"]
[Site "masterchessopen.com - Boston (USA)"]
[Round "0"]
[White "Chapa Eric (USA)"]
[Black "Rachels Stuart (USA)"]
[Result "0-1"]
[WhiteElo "2189"]
[BlackElo "2350"]

1.d4 Nf6 2.c4 c5 3.d5 d6 4.Nc3 g6 5.Nf3 Bg7 6.g3 O-O 7.Bg2 e6 8.O-O exd5
9.cxd5 a6 10.a4 Re8 11.Nd2 Nbd7 12.Re1 Rb8 13.Nc4 Nb6 14.Ne3 Ng4 15.Nxg4 Bxg4
16.a5 Nc8 17.Qd3 Qc7 18.Be3 Bf5 19.Qd2 b5 20.axb6 Nxb6 21.Bh6 Nc4 22.Qf4 Nxb2
23.Bxg7 Kxg7 24.g4 Rb4 25.Qc1 Bxg4 26.Ne4 Qb6 27.Qc3+ Re5 28.f4 c4+ 29.Nf2 Rb3
30.Qa5 Qxa5 {#R} 0-1

[Event "It (open)"]
[Site "masterchessopen.com - Dornbirn (Austria)"]
[Round "0"]
[White "Levy Rene (AUT)"]
[Black "Hulak Krunoslav (CRO)"]
[Result "0-1"]
[WhiteElo "2207"]
[BlackElo "2490"]

1.d4 Nf6 2.c4 c5 3.d5 e6 4.Nc3 exd5 5.cxd5 d6 6.g3 g6 7.Bg2 Bg7 8.Nf3 O-O
9.O-O a6 10.a4 Nbd7 11.Nd2 Re8 12.h3 Rb8 13.Nc4 Nb6 14.Na3 Bd7 15.e4 Nxa4
16.Nxa4 b5 17.Nxc5 dxc5 18.e5 Rxe5 19.Bf4 Nh5 20.Bxe5 Bxe5 21.Ra2 c4 22.Nc2
Qb6 23.Nb4 a5 24.Nc6 Bxg3 25.Qd4 Qxd4 26.Nxd4 Bc7 27.Nc6 Re8 28.Nxa5 Nf4
29.Nb7 Re5 30.d6 Bxd6 31.Nxd6 Rg5 32.Ra6 Bxh3 33.Ne4 Rxg2+ 34.Kh1 Nd3 35.Rb6
Kg7 36.Rg1 Nxf2+ 37.Nxf2 Rxf2 38.Rxb5 Bf5 39.Rd1 h5 40.Rd4 Be6 {#R} 0-1

[Event "It (open)"]
[Site "masterchessopen.com - Israel"]
[Round "0"]
[White "Zoler Dan (ISR)"]
[Black "Stisis Yaacov (ISR)"]
[Result "0-1"]
[WhiteElo "2541"]
[BlackElo "2390"]

1.d4 Nf6 2.c4 e6 3.Nf3 c5 4.d5 exd5 5.cxd5 d6 6.Nc3 g6 7.g3 Bg7 8.Bg2 O-O
9.O-O a6 10.a4 Nbd7 11.Nd2 Re8 12.h3 Rb8 13.Nc4 Nb6 14.Na3 Bd7 15.e4 Nc8
16.Qd3 Qc7 17.Be3 Na7 18.a5 Qxa5 19.Nc4 Qc7 20.e5 dxe5 21.d6 Qd8 22.Bxc5 Nc8
23.b4 e4 24.Qe3 b6 25.Rxa6 bxc5 26.bxc5 Rb3 27.Qd2 Bb5 28.Nxb5 Rxb5 29.c6 Rd5
30.c7 Qd7 31.Qb4 Bf8 32.Qc3 Kg7 33.Ra8 Bxd6 34.Nxd6 Qxd6 35.Bxe4 Rc5 36.Qa1
Rxe4 37.Rxc8 Rxc7 38.Ra8 Qe5 39.Qa3 Re7 40.Qb3 Re1 {#R} 0-1

[Event "It (open)"]
[Site "masterchessopen.com - Saint John (Canada)"]
[Round "0"]
[White "Scholseth Tor Kristian (NOR)"]
[Black "Andonov Bogomil (BUL)"]
[Result "0-1"]
[WhiteElo "2140"]
[BlackElo "2304"]

1.d4 Nf6 2.c4 a6 3.g3 c5 4.d5 e6 5.Bg2 exd5 6.cxd5 d6 7.Nf3 g6 8.O-O Bg7 9.a4
O-O 10.Nc3 Re8 11.Nd2 Nbd7 12.h3 Rb8 13.Nc4 Ne5 14.Na3 Nh5 15.e4 Rf8 16.Re1
Bd7 17.Bf1 f5 18.exf5 Bxf5 19.f4 Nxg3 20.fxe5 Nxf1 21.Rxf1 Qh4 22.Qe2 Bxh3
23.Rxf8+ Rxf8 24.Be3 Qg3+ 25.Kh1 Bg4 {#R} 0-1

[Event "Olympiad"]
[Site "masterchessopen.com - Salonika (Greece)"]
[Round "0"]
[White "Ginting Nasib (INA)"]
[Black "Antonio Rogelio Jr (PHI)"]
[Result "0-1"]
[WhiteElo "2385"]
[BlackElo "2564"]

1.d4 Nf6 2.c4 e6 3.g3 c5 4.d5 exd5 5.cxd5 d6 6.Nc3 g6 7.Bg2 Bg7 8.Nf3 O-O
9.O-O a6 10.a4 Re8 11.Nd2 Nbd7 12.h3 Rb8 13.Nc4 Ne5 14.Na3 Bd7 15.f4 Nh5
16.fxe5 Bxe5 17.Ne4 f5 18.Ng5 Nxg3 19.Nc4 Nxe2+ 20.Kh1 Ng3+ 21.Kg1 Bd4+ 22.Kh2
Nxf1+ 23.Qxf1 b5 24.axb5 axb5 25.Na5 Ra8 26.Ne6 Be5+ 27.Kh1 Rxa5 28.Nxd8 Rxa1
29.Nc6 Bg3 30.Qxb5 Rxc1+ 31.Bf1 f4 32.Kg2 Rc2+ 33.Kg1 f3 34.Qd3 Bf5 35.Qb3
{#R} 0-1

[Event "Olympiad"]
[Site "masterchessopen.com - Salonika (Greece)"]
[Round "0"]
[White "Ginting Nasib (INA)"]
[Black "Lukov Valentin (BUL)"]
[Result "1-0"]
[WhiteElo "2385"]
[BlackElo "2465"]

1.d4 Nf6 2.c4 e6 3.g3 c5 4.d5 exd5 5.cxd5 d6 6.Nc3 g6 7.Nf3 Bg7 8.Bg2 O-O
9.O-O Re8 10.Nd2 a6 11.a4 Nbd7 12.h3 Rb8 13.Nc4 Nb6 14.Na3 Bd7 15.e4 Qc7
16.Be3 Nc8 17.Qd3 Na7 18.Rfc1 b5 19.b4 c4 20.Qf1 bxa4 21.Nxc4 Nb5 22.Nxa4 Nxe4
23.Bxe4 Bxa1 24.Nd2 Bc3 25.Qd3 Rbc8 26.Nb6 f5 27.Nxc8 Rxc8 28.Bg2 Qd8 29.Rb1
Na3 30.Rb3 Bb5 31.Qxc3 Rxc3 32.Rxc3 a5 33.Rxa3 axb4 34.Ra7 Qc8 35.Bh6 Qc1+
36.Kh2 Qc5 37.Rg7+ Kh8 38.Rf7 {#r} 1-0

[Event "Cup Rilton"]
[Site "masterchessopen.com - Stockholm (Sweden)"]
[Round "0"]
[White "Carlhammar Magnus (SWE)"]
[Black "Ward Christopher (ENG)"]
[Result "0-1"]
[WhiteElo "2306"]
[BlackElo "2325"]

1.d4 Nf6 2.c4 e6 3.g3 c5 4.d5 exd5 5.cxd5 d6 6.Nc3 g6 7.Nf3 Bg7 8.Bg2 O-O
9.O-O a6 10.a4 Nbd7 11.Nd2 Re8 12.Nc4 Ne5 13.Nxe5 Rxe5 14.Bf4 Re8 15.Qc2 Rb8
16.Rab1 Qc7 17.Rfc1 Ng4 18.h3 Ne5 19.b4 c4 20.b5 Bf5 21.Ne4 h5 22.Bxe5 Bxe5
23.Qxc4 Qd7 24.bxa6 bxa6 25.Rxb8 Rxb8 26.Qxa6 Bxe4 27.Bxe4 Qxh3 28.Bg2 Qg4
29.Bf3 Qh3 30.Qc4 Ra8 31.Qc6 Rb8 32.a5 h4 33.Bg2 Qg4 34.a6 Bd4 35.Qxd6 Rb2
36.Qd8+ Kg7 37.Qxh4 Bxf2+ 38.Kh2 Qxe2 39.Rc8 Bg1+ {#R} 0-1

[Event "It (open)"]
[Site "masterchessopen.com - Bargteheide (Germany)"]
[Round "0"]
[White "Nogly Christoph (GER)"]
[Black "Pajeken Wolfgang (GER)"]
[Result "0-1"]
[WhiteElo "2231"]
[BlackElo "2315"]

1.d4 Nf6 2.c4 c5 3.d5 e6 4.Nc3 exd5 5.cxd5 d6 6.Nf3 g6 7.g3 Bg7 8.Bg2 O-O
9.O-O a6 10.a4 Re8 11.Nd2 Nbd7 12.Re1 Rb8 13.Bf1 b5 14.axb5 axb5 15.e4 c4
16.Qc2 Nc5 17.Rb1 Bd7 18.f3 b4 19.Nxc4 bxc3 20.Nxd6 Re7 21.Be3 Ba4 22.Qf2 Nb7
23.Bb6 Qxd6 24.bxc3 Nxd5 25.exd5 Rxe1 26.Qxe1 Nc5 27.Ba7 Rxb1 28.Qxb1 Bxc3
29.Bc4 Bd4+ 30.Kg2 Kg7 31.Qb4 Bd7 32.Ba2 Qe5 33.Qc4 Qe3 34.g4 Qf2+ {#R} 0-1

[Event "It (open) \"]
[Site "masterchessopen.com - Bratislava (Slovakia)"]
[Round "4"]
[White "Cichocki Adam (POL)"]
[Black "Pikulik Martin (SVK)"]
[Result "1-0"]
[WhiteElo "2304"]
[BlackElo "2165"]

1.d4 Nf6 2.c4 e6 3.Nc3 c5 4.d5 exd5 5.cxd5 d6 6.Nf3 g6 7.g3 Bg7 8.Bg2 O-O
9.O-O Re8 10.Nd2 a6 11.a4 Nbd7 12.Nc4 Nb6 13.Na3 Bd7 14.Bf4 Qc7 15.e4 Rab8
16.a5 Nc8 17.Nc4 Nh5 18.Be3 b5 19.axb6 Nxb6 20.Na5 Nc8 21.Qd2 Na7 22.Rfc1 f5
23.exf5 Bxf5 24.Nc6 Rb6 25.b4 Nxc6 26.bxc5 dxc5 27.dxc6 Rxc6 28.Ra4 Rd6 29.Nd5
Qd7 30.Bxc5 Qxa4 31.Bxd6 Kh8 32.h3 Qd7 33.Nb6 Qa7 34.Qb4 a5 35.Qb5 Qf7 36.g4
Rd8 37.gxf5 Rxd6 38.Rc8+ Bf8 39.Qe5+ Rf6 40.Nd5 Qg7 41.Nxf6 Nxf6 42.Rc7 {#r}
1-0

[Event "Olympiad Arab states"]
[Site "masterchessopen.com - Dubai (United Arab Emirates)"]
[Round "0"]
[White "Nashed Mohamad Kamal (SYR)"]
[Black "El Taher Fouad (EGY)"]
[Result "0-1"]
[WhiteElo "2184"]
[BlackElo "2483"]

1.Nf3 Nf6 2.d4 c5 3.d5 g6 4.g3 Bg7 5.Bg2 O-O 6.c4 d6 7.Nc3 e6 8.O-O exd5
9.cxd5 Re8 10.Nd2 a6 11.a4 Nbd7 12.h3 Rb8 13.Nc4 Ne5 14.Na3 Nh5 15.Kh2 Bd7
16.f4 b5 17.axb5 axb5 18.Ne4 b4 19.Nxd6 bxa3 20.Rxa3 Ba4 21.Rxa4 Qxd6 22.fxe5
Bxe5 23.Bf4 Bxf4 24.gxf4 Rxb2 25.e3 Rxe3 {#R} 0-1

[Event "Ch France (team)"]
[Site "masterchessopen.com - France"]
[Round "0"]
[White "Cairou Yannick (FRA)"]
[Black "Denis Laurent (FRA)"]
[Result "1-0"]
[WhiteElo "2095"]
[BlackElo "2236"]

1.d4 Nf6 2.c4 c5 3.d5 e6 4.Nc3 exd5 5.cxd5 d6 6.Nf3 g6 7.g3 Bg7 8.Bg2 O-O
9.O-O a6 10.a4 Re8 11.Nd2 Nbd7 12.Nc4 Nb6 13.Na3 Bd7 14.a5 Nc8 15.Nc4 Bb5
16.Qb3 Bxc4 17.Qxc4 b5 18.axb6 Nxb6 19.Qh4 Qc7 20.Kh1 c4 21.f4 h6 22.g4 Nfd7
23.g5 Bxc3 24.bxc3 h5 25.Bf3 Nc5 26.f5 Nb3 27.f6 Re5 28.Bxh5 gxh5 29.Qxh5 Qc8
30.Rf4 Rxg5 31.Qxg5+ Kf8 32.Re4 {#r} 1-0

[Event "Bundesliga 1989/90"]
[Site "masterchessopen.com - Germany"]
[Round "0"]
[White "Bayer Ernst-Wolfgang (GER)"]
[Black "Stein Bernd (GER)"]
[Result "1-0"]
[WhiteElo "2300"]
[BlackElo "2340"]

1.d4 Nf6 2.c4 e6 3.Nf3 c5 4.d5 exd5 5.cxd5 d6 6.Nc3 g6 7.g3 Bg7 8.Bg2 O-O
9.O-O Re8 10.Nd2 a6 11.a4 Nbd7 12.h3 Rb8 13.Nc4 Nb6 14.Na3 Bd7 15.e4 Nc8
16.Qd3 Re7 17.Bf4 Nh5 18.Bg5 f6 19.Be3 f5 20.Bg5 Nf6 21.exf5 Bxf5 22.Qd2 Qf8
23.g4 Bd7 24.Qd3 b5 25.axb5 axb5 26.Naxb5 Bxb5 27.Nxb5 Reb7 28.Na3 Rxb2 29.Nc4
R2b4 30.Rae1 Ra8 31.Bd2 Rb7 32.f4 Rf7 33.Ne5 Re7 34.Nc6 Rxe1 35.Rxe1 Ne8
36.Qb3 Ra1 37.Rxa1 Bxa1 38.Qb7 {#r} 1-0

[Event "Bundesliga 1989/90"]
[Site "masterchessopen.com - Germany"]
[Round "0"]
[White "Unzicker Wolfgang (GER)"]
[Black "Tal Mikhail N (LAT)"]
[Result "1-0"]
[WhiteElo "2433"]
[BlackElo "2585"]

1.d4 Nf6 2.c4 g6 3.g3 Bg7 4.Bg2 O-O 5.Nf3 c5 6.d5 e6 7.Nc3 d6 8.O-O exd5
9.cxd5 Nbd7 10.Nd2 Re8 11.a4 a6 12.Nc4 Nb6 13.Na3 Bd7 14.Qb3 Nxa4 15.Nxa4 b5
16.Nc3 b4 17.Bf4 bxc3 18.bxc3 Ne4 19.Nb1 Rb8 20.Qa3 Bb5 21.Ra2 Bc4 22.Rb2 Rxb2
23.Qxb2 Qf6 24.Bxe4 g5 25.Be3 Rxe4 26.Nd2 Bxd5 27.Nxe4 Bxe4 28.Qb8+ Bf8 29.Qe8
Bf5 30.Bd2 h6 31.Ra1 Bh3 32.Rb1 Qe6 33.Rb8 Qxe8 34.Rxe8 Bd7 35.Rd8 Be6 36.f4
f6 37.Kf2 Kf7 38.f5 Be7 39.Rb8 Bc4 40.e4 Bb5 41.g4 Ba4 42.Kg3 Bd1 43.h3 Ba4
44.c4 {#r} 1-0

[Event "It \"]
[Site "masterchessopen.com - New York (USA)"]
[Round "0"]
[White "Lobo Richard (ENG)"]
[Black "Peters John A (USA)"]
[Result "0-1"]
[WhiteElo "2251"]
[BlackElo "2363"]

1.d4 Nf6 2.c4 e6 3.Nf3 c5 4.d5 exd5 5.cxd5 d6 6.Nc3 a6 7.a4 g6 8.g3 Bg7 9.Bg2
O-O 10.O-O Re8 11.Nd2 Nbd7 12.Nc4 Ne5 13.Na3 Nfd7 14.e4 b5 15.axb5 Nb6 16.Nab1
axb5 17.Rxa8 Nxa8 18.Nxb5 Qb6 19.N1c3 Ba6 20.Na3 Rb8 21.Na4 Qa7 22.Bf4 Bxf1
23.Bxf1 Rb4 24.b3 Rxe4 25.Nb5 Qe7 26.Bd2 Qf6 27.Bg2 Ng4 28.Bf4 Rxf4 29.gxf4
Qxf4 30.Qf3 Qc1+ 31.Bf1 Qxf1+ 32.Kxf1 Nxh2+ 33.Kg2 Nxf3 34.Kxf3 Bf8 {#R} 0-1

[Event "Cup World (open)"]
[Site "masterchessopen.com - Palma de Majorca (Spain)"]
[Round "0"]
[White "Denker Arnold S (USA)"]
[Black "Muresan Margareta (ROM)"]
[Result "0-1"]
[WhiteElo "2295"]
[BlackElo "2215"]

1.d4 Nf6 2.Nf3 g6 3.g3 Bg7 4.Bg2 O-O 5.O-O d6 6.c4 c5 7.d5 e6 8.Nc3 exd5
9.cxd5 Re8 10.Nd2 a6 11.a4 Nbd7 12.Nc4 Nb6 13.Ne3 Ng4 14.Qb3 Rb8 15.h3 Nxe3
16.Bxe3 f5 17.Bf4 Na8 18.h4 b5 19.axb5 axb5 20.Ra7 Qb6 21.Qxb5 Qxb5 22.Nxb5
Rxb5 23.Rxa8 Rxb2 24.Bxd6 c4 25.e3 c3 26.Ba3 Rd2 27.Bc1 Rd3 28.Ra7 Be5 29.Bf3
Kh8 30.Rd1 Rxd1+ 31.Bxd1 Rd8 32.Ra8 Kg7 33.Bb3 Bd6 34.Kf1 f4 35.exf4 Bh3+ {#R}
0-1

[Event "Ch Europe (juniors) (under 20)"]
[Site "masterchessopen.com - Arnhem (Netherlands)"]
[Round "8"]
[White "Camejo Rui (POR)"]
[Black "Hall Jesper (SWE)"]
[Result "0-1"]
[WhiteElo "2296"]
[BlackElo "2493"]

1.d4 Nf6 2.c4 e6 3.Nf3 c5 4.d5 exd5 5.cxd5 d6 6.Nc3 g6 7.g3 Bg7 8.Bg2 O-O
9.O-O a6 10.a4 Nbd7 11.Nd2 Re8 12.Ra2 Rb8 13.a5 Qe7 14.h3 Nh5 15.e4 Ne5 16.Qe2
f5 17.exf5 Bxf5 18.Nde4 Nf6 19.Re1 Qd7 20.Qf1 c4 21.Bd2 Nxe4 22.Nxe4 Nd3
23.Re2 Nxb2 24.Qc1 Bxe4 25.Bxe4 Qb5 26.Bc3 Nd3 27.Bxd3 cxd3 28.Rxe8+ Rxe8
29.Bxg7 Kxg7 30.Rd2 Qxa5 31.Qb2+ Kg8 32.Rxd3 Qe1+ {#R} 0-1

[Event "It"]
[Site "masterchessopen.com - Belgorod (Russia)"]
[Round "0"]
[White "Sher Miron N (USA)"]
[Black "Kantsler Boris (ISR)"]
[Result "1-0"]
[WhiteElo "2485"]
[BlackElo "2422"]

1.c4 g6 2.d4 Bg7 3.Nf3 d6 4.g3 c5 5.d5 Nf6 6.Bg2 O-O 7.O-O e6 8.Nc3 exd5
9.cxd5 a6 10.a4 Nbd7 11.Nd2 Re8 12.Ra2 Rb8 13.a5 b5 14.axb6 Nxb6 15.b3 Qc7
16.Qc2 Qb7 17.e4 Bd7 18.Bb2 Bb5 19.Rfa1 Nc8 20.h3 Qe7 21.Re1 Qc7 22.Kh2 Nb6
23.Rea1 Re7 24.Bf1 Bxf1 25.Nxf1 c4 26.b4 Nc8 27.Rxa6 Rxb4 28.Rc6 Qb8 29.Ba3
Rbb7 30.Nd2 Rec7 31.Nxc4 Rxc6 32.dxc6 Rc7 33.e5 dxe5 34.Nxe5 Ra7 35.f4 g5
36.Qd3 Qb6 37.Qd2 gxf4 38.gxf4 Nh5 39.Nc4 Qc7 40.Nb5 Bh6 41.Rg1+ Kh8 42.Bb2+
{#r} 1-0

[Event "It (open) (2)"]
[Site "masterchessopen.com - Cannes (France)"]
[Round "0"]
[White "Gazik Igor (SVK)"]
[Black "Renault Jerome (FRA)"]
[Result "1-0"]
[WhiteElo "2328"]
[BlackElo "2100"]

1.Nf3 Nf6 2.g3 g6 3.Bg2 Bg7 4.c4 O-O 5.O-O d6 6.d4 c5 7.d5 e6 8.Nc3 exd5
9.cxd5 a6 10.a4 Re8 11.Nd2 Nbd7 12.a5 b5 13.axb6 Nxb6 14.e4 Nfd7 15.h3 c4
16.Nf3 Nc5 17.Bg5 Qc7 18.e5 Nd3 19.exd6 Qxd6 20.Nd2 f5 21.Nxc4 Nxc4 22.Qxd3
Nxb2 23.Qc2 Rb8 24.Bf4 Be5 25.Rfe1 Bd7 26.Rxe5 Rxe5 27.Qd2 Nc4 28.Qd4 Bb5
29.Bf1 g5 30.Bxg5 Nb6 31.Bf4 Rbe8 32.Nxb5 axb5 33.Ra6 Rxd5 34.Qxb6 Qxb6
35.Rxb6 Rd1 36.Kg2 Rb1 37.Bc4+ {#r} 1-0

[Event "It (open)"]
[Site "masterchessopen.com - Eger (Hungary)"]
[Round "0"]
[White "Paal Attila (HUN)"]
[Black "Parkanyi Attila (HUN)"]
[Result "0-1"]
[WhiteElo "2174"]
[BlackElo "2272"]

1.d4 Nf6 2.Nf3 e6 3.c4 c5 4.d5 exd5 5.cxd5 d6 6.g3 g6 7.Bg2 Bg7 8.O-O O-O
9.Nc3 a6 10.a4 Nbd7 11.Nd2 Re8 12.Nc4 Ne5 13.Nxe5 Rxe5 14.e4 b6 15.f4 Re8
16.Re1 Ng4 17.Bf3 h5 18.h3 Nh6 19.Kh2 Rb8 20.Bg2 Kh7 21.Qd3 Qd7 22.e5 dxe5
23.fxe5 Bxe5 24.Rxe5 Rxe5 25.Bf4 Qe8 26.Ne4 Rxe4 27.Bxe4 Rb7 28.d6 Bf5 29.Bxf5
Nxf5 30.g4 hxg4 31.hxg4 Nd4 32.Rh1 Qe6 33.Qg3 Kg8 34.Re1 Qxe1 {#R} 0-1

[Event "It (open)"]
[Site "masterchessopen.com - Gausdal (Norway)"]
[Round "0"]
[White "Reefschlaeger Helmut Dr (GER)"]
[Black "Davies Nigel R (ENG)"]
[Result "0-1"]
[WhiteElo "2248"]
[BlackElo "2475"]

1.d4 g6 2.g3 Bg7 3.Bg2 c5 4.d5 Nf6 5.c4 O-O 6.Nf3 e6 7.Nc3 exd5 8.cxd5 d6
9.O-O Re8 10.Nd2 a6 11.a4 Nbd7 12.h3 Rb8 13.Nc4 Nb6 14.Na3 Bf5 15.a5 Nc8
16.Nc4 Ne4 17.Nxe4 Bxe4 18.f3 Bf5 19.Ra2 b5 20.axb6 Nxb6 21.Na5 Nxd5 22.Nc6
Qb6 23.Nxb8 Rxb8 24.e4 Nb4 25.Ra3 Be6 26.f4 Bd4+ 27.Kh1 Na2 28.f5 Bc4 29.Rff3
d5 30.fxg6 hxg6 31.Bf1 Nxc1 32.Qxc1 Qe6 33.b3 Bxf1 34.Qxf1 dxe4 {#R} 0-1

[Event "Bundesliga 1989/90"]
[Site "masterchessopen.com - Germany"]
[Round "0"]
[White "Lieb Harald (GER)"]
[Black "Kopp Bernd Dr (GER)"]
[Result "0-1"]
[WhiteElo "2191"]
[BlackElo "2265"]

1.d4 Nf6 2.c4 e6 3.Nf3 c5 4.d5 exd5 5.cxd5 d6 6.Nc3 g6 7.g3 Bg7 8.Bg2 O-O
9.O-O a6 10.a4 Re8 11.Nd2 Nbd7 12.h3 Nh5 13.e4 Ne5 14.Qc2 f5 15.exf5 Bxf5
16.Nde4 Qd7 17.Kh2 c4 18.a5 Nf6 19.f3 Rac8 20.Bg5 Bxe4 21.fxe4 Rf8 22.Qd2 Qc7
23.Ne2 Nfd7 24.Nd4 Rxf1 25.Rxf1 Nc5 26.Ne6 Qd7 27.Nxg7 Qxg7 28.Bf6 Qc7 29.Bxe5
dxe5 30.Qg5 Re8 31.h4 Qe7 32.Qc1 Nb3 33.Qc3 Qc5 34.Bh3 Nd4 35.b4 Qc7 36.Rf6
Rf8 37.d6 Qc6 38.Rxf8+ Kxf8 39.d7 Ke7 40.b5 Qc5 41.bxa6 bxa6 42.Qc1 Nf3+
43.Kg2 Qg1+ 44.Qxg1 Nxg1 45.Bg4 c3 46.Bd1 Ne2 {#R} 0-1

[Event "Ch Yugoslavia (qual)"]
[Site "masterchessopen.com - Kladovo (Yugoslavia)"]
[Round "0"]
[White "Nikolic Nebojsa (BIH)"]
[Black "Ademi Sami (SRB)"]
[Result "1-0"]
[WhiteElo "2349"]
[BlackElo "2249"]

1.c4 Nf6 2.g3 g6 3.Bg2 Bg7 4.Nc3 O-O 5.d4 c5 6.Nf3 d6 7.d5 e6 8.O-O exd5
9.cxd5 Re8 10.Nd2 a6 11.a4 Nbd7 12.h3 Rb8 13.Nc4 Qc7 14.Bf4 Bf8 15.a5 b5
16.axb6 Nxb6 17.Na5 Nbd7 18.b3 Ne5 19.Bd2 Ned7 20.Re1 Bg7 21.Qc2 Rb4 22.Nc6
Ne5 23.e4 Nfd7 24.Rac1 Rb6 25.Nxe5 Bxe5 26.Na4 Rb8 27.b4 Bd4 28.bxc5 Nxc5
29.Qc4 Qd7 30.Qxd4 Nb3 31.Qb2 Qxa4 32.Bh6 Qd4 33.Rb1 Qxb2 34.Rxb2 a5 35.Bf4
Rb6 36.Ra1 f5 37.Ra3 a4 38.Rxa4 Nc5 39.Rxb6 Nxa4 40.Rxd6 fxe4 41.Rc6 Nb2
42.Be3 Nd3 43.Rc4 Rd8 44.Bb6 Ne5 45.Rxe4 Rxd5 46.Re1 {#r} 1-0

[Event "It (open)"]
[Site "masterchessopen.com - Val Maubuee (France)"]
[Round "0"]
[White "Moulain Jean-Pierre (FRA)"]
[Black "Hayoun Lionel (FRA)"]
[Result "0-1"]
[WhiteElo "2185"]
[BlackElo "2325"]

1.d4 Nf6 2.c4 c5 3.d5 e6 4.Nc3 exd5 5.cxd5 d6 6.Nf3 g6 7.g3 Bg7 8.Bg2 O-O
9.O-O a6 10.a4 Re8 11.Nd2 Nbd7 12.h3 Nh5 13.Kh2 f5 14.Nc4 Ne5 15.Qb3 Nxc4
16.Qxc4 Bd7 17.Ra3 Rb8 18.a5 Qe7 19.Re1 Qf8 20.Rb3 Bd4 21.e3 f4 22.Rf1 Bxc3
23.Qxc3 f3 24.Bh1 Re4 25.Rg1 Bxh3 26.Bxf3 Qxf3 27.Kxh3 Nf6 28.Qxf6 Qxf6 29.f4
Qf5+ 30.g4 Qxd5 {#R} 0-1

[Event "It (open) \"]
[Site "masterchessopen.com - Berlin (Germany)"]
[Round "0"]
[White "Beim Valery (AUT)"]
[Black "Simeonov Stefan (BUL)"]
[Result "1-0"]
[WhiteElo "2480"]
[BlackElo "2375"]

1.d4 Nf6 2.c4 c5 3.d5 e6 4.Nc3 exd5 5.cxd5 d6 6.g3 g6 7.Nf3 Bg7 8.Bg2 O-O
9.O-O a6 10.a4 Re8 11.Nd2 Nbd7 12.Qb3 Rb8 13.Nc4 Ne5 14.Nb6 Qc7 15.h3 h6
16.Bd2 g5 17.Nxc8 Rbxc8 18.Nd1 Ng6 19.Qc2 c4 20.Ne3 Qc5 21.Rad1 b5 22.axb5
axb5 23.b4 cxb3 24.Qxb3 Qb6 25.Nf5 Rxe2 26.Be3 Qb8 27.Nd4 Rxe3 28.Qxe3 b4
29.Nc6 Qb7 30.Rb1 Re8 31.Rxb4 Qd7 32.Rb8 Rxb8 33.Nxb8 Qf5 34.Rd1 h5 35.Nc6 g4
36.h4 Kh7 37.Nd4 Qd7 38.Qd3 Kg8 39.Rb1 {#r} 1-0

[Event "It (open)"]
[Site "masterchessopen.com - Cadiz (Spain)"]
[Round "39"]
[White "Ramirez Edgar (CRC)"]
[Black "Glavina Pablo (ARG)"]
[Result "0-1"]
[WhiteElo "2255"]
[BlackElo "2468"]

1.d4 Nf6 2.c4 c5 3.d5 e6 4.Nc3 exd5 5.cxd5 d6 6.g3 g6 7.Bg2 Bg7 8.Nf3 O-O
9.O-O a6 10.a4 Re8 11.Nd2 Nbd7 12.Qb3 Rb8 13.Nc4 Ne5 14.Nb6 Nfd7 15.Nxc8 Qxc8
16.a5 b5 17.axb6 Rxb6 18.Qa4 Qb7 19.Bh3 Ra8 20.Na2 Rb5 21.f4 Nb6 22.Qc2 Ned7
23.e4 Re8 24.Rf3 Nf6 25.Ra3 Nxe4 26.Nc3 Bd4+ 27.Kf1 Nxd5 28.Nxe4 Nb4 29.Qd2
Qxe4 30.Bg2 Qf5 31.Rb3 Nc2 {#R} 0-1

[Event "Ch Hungary (team)"]
[Site "masterchessopen.com - Hungary"]
[Round "6"]
[White "Polgar Istvan (HUN)"]
[Black "Ortel Endre (HUN)"]
[Result "1-0"]
[WhiteElo "2425"]
[BlackElo "2286"]

1.d4 e6 2.c4 Nf6 3.g3 c5 4.d5 exd5 5.cxd5 d6 6.Nc3 g6 7.Bg2 Bg7 8.Nf3 O-O
9.O-O Re8 10.Nd2 a6 11.a4 Nbd7 12.Nc4 Ne5 13.Nxe5 Rxe5 14.Bf4 Re8 15.Qd3 Qc7
16.Rac1 Bd7 17.h3 Rab8 18.g4 h6 19.Qg3 Bf8 20.Rfe1 b5 21.axb5 Bxb5 22.b4 c4
23.h4 Bd7 24.Bf3 Rxb4 25.g5 hxg5 26.hxg5 Nh7 27.Ne4 Rb6 28.Kg2 Bf5 29.Nf6+
Nxf6 30.gxf6 Qd8 31.Qh4 Bg7 32.Bg5 Re5 33.Rh1 Bh3+ 34.Rxh3 Rxg5+ 35.Qxg5 Bxf6
36.Qh6 c3 37.Bg4 Bg7 38.Qh7+ Kf8 39.Rcxc3 Bxc3 40.Rxc3 Qf6 41.Qh6+ {#r} 1-0

[Event "Ch Yugoslavia"]
[Site "masterchessopen.com - Kladovo (Yugoslavia)"]
[Round "0"]
[White "Ermeni Avni (SRB)"]
[Black "Arsovic Goran (SRB)"]
[Result "1-0"]
[WhiteElo "2252"]
[BlackElo "2409"]

1.d4 Nf6 2.Nf3 g6 3.c4 Bg7 4.g3 c5 5.d5 d6 6.Bg2 O-O 7.O-O a6 8.Nc3 e6 9.a4
exd5 10.cxd5 Nbd7 11.Nd2 Re8 12.Nc4 Nb6 13.Na3 Bd7 14.a5 Nc8 15.Nc4 Bb5 16.Qb3
Bxc4 17.Qxc4 Nd7 18.e4 b5 19.axb6 Ncxb6 20.Qe2 c4 21.Be3 Qc7 22.Na4 Nxa4
23.Rxa4 Ne5 24.Rc1 Qd7 25.Ra5 Reb8 26.Rc2 Rb4 27.Bd2 Ra4 28.Bh3 Qe8 29.Rxa4
Qxa4 30.Bc3 Nd3 31.Bxg7 Kxg7 32.Qd2 Kg8 33.Qc3 Qa1+ 34.Bf1 Ne5 35.f4 Nd3
36.Qxc4 Nxb2 37.Qc6 Rb8 38.Qxd6 Rb3 39.Rc8+ Kg7 40.Qf8+ {#r} 1-0

[Event "Ch Slovakia"]
[Site "masterchessopen.com - Trencin (Slovakia)"]
[Round "0"]
[White "Kebis Milos (SVK)"]
[Black "Pejko Otomar (SVK)"]
[Result "1-0"]
[WhiteElo "2008"]
[BlackElo "2175"]

1.d4 Nf6 2.g3 c5 3.d5 e6 4.c4 exd5 5.cxd5 d6 6.Bg2 g6 7.Nf3 Bg7 8.Nc3 O-O
9.O-O a6 10.a4 Nbd7 11.Nd2 Re8 12.e4 Ne5 13.a5 b5 14.axb6 Qxb6 15.Qc2 Bd7
16.Re1 c4 17.Na4 Qa7 18.Nxc4 Rac8 19.b3 Nxc4 20.bxc4 Nxd5 21.Bb2 Nb4 22.Qe2
Bxb2 23.Nxb2 Qc5 24.Qd2 Rb8 25.h4 Rb6 26.Re3 Reb8 27.Bf1 Qe5 28.Rea3 Nc2
29.Nd3 Qxe4 30.Bg2 Rb1+ 31.Rxb1 Rxb1+ 32.Kh2 Qxc4 33.Rc3 Qe6 34.Qxc2 Ra1
35.Rb3 Bb5 36.Qc3 Rd1 37.Nf4 Qc4 38.Qf3 Qc1 39.Rc3 Qa1 40.Nd5 {#r} 1-0